Tendencias interculturales y practica escenica (Record no. 27497)
[ view plain ]
| 000 -LEADER | |
|---|---|
| fixed length control field | 00728nam a22002057a 4500 |
| 005 - DATE AND TIME OF LATEST TRANSACTION | |
| control field | 20150124122931.0 |
| 008 - FIXED-LENGTH DATA ELEMENTS--GENERAL INFORMATION | |
| fixed length control field | 111125t mx||||| |||| 00| 0 spa d |
| 020 ## - INTERNATIONAL STANDARD BOOK NUMBER | |
| International Standard Book Number | 9687155515 |
| 050 04 - LIBRARY OF CONGRESS CALL NUMBER | |
| Classification number | PN2091.S8 |
| Item number | T46 1994 |
| 245 00 - TITLE STATEMENT | |
| Title | Tendencias interculturales y practica escenica |
| Statement of responsibility, etc | / introductor Patrice Pavis, Guy Rosa ; traductor Pilar Ortiz Lovillo |
| 260 ## - PUBLICATION, DISTRIBUTION, ETC. (IMPRINT) | |
| Place of publication, distribution, etc | México : |
| Name of publisher, distributor, etc | Gaceta, |
| Date of publication, distribution, etc | 1994 |
| 300 ## - PHYSICAL DESCRIPTION | |
| Extent | 351 p. ; |
| Dimensions | 20 cm. |
| 500 ## - GENERAL NOTE | |
| General note | Traducción de : Confluences |
| 504 ## - BIBLIOGRAPHY, ETC. NOTE | |
| Bibliography, etc | Incluye bibliografía e índice |
| 650 #7 - SUBJECT ADDED ENTRY--TOPICAL TERM | |
| Source of heading or term | LEMB. |
| Topical term or geographic name as entry element | Teatro |
| Topical term following geographic name as entry element | Personajes literarios |
| General subdivision | Artes escenicas |
| 700 1# - ADDED ENTRY--PERSONAL NAME | |
| Personal name | Pavis, Patrice., |
| Relator term | introd. |
| 700 1# - ADDED ENTRY--PERSONAL NAME | |
| Personal name | Rosa, Guy., |
| Relator term | introd. |
| 700 1# - ADDED ENTRY--PERSONAL NAME | |
| Personal name | Ortiz Lovillo, Pilar., |
| Relator term | tr. |
| 942 ## - ADDED ENTRY ELEMENTS (KOHA) | |
| Source of classification or shelving scheme | Clasificación Decimal Dewey |
| Koha item type | Libro |
| Estado de pérdida | Fuente de clasificación | Estado del daño | No para préstamo | Ubicación permanente | Ubicación actual | Apartado o colección | Fecha de adquisición | Clasificación | Código de Barras | Date last seen | Número de copia | Tipo de recurso | Nota pública |
|---|---|---|---|---|---|---|---|---|---|---|---|---|---|
| Clasificación Decimal Dewey | Biblioteca de la Facultad de Bellas Artes | Biblioteca de la Facultad de Bellas Artes | General | 25/11/2011 | PN2091.S8 T46 1994 | BBA000000921 | 25/11/2011 | C : 1 | Libro | General |